Information systems and qualitative research : proceedings of the IFIP TC8 WG 8.2 International Conference on Information Systems and Qualitative Research, 31st May-3rd June 1997, Philadelphia, Pennsylvania, USA
Αποθηκεύτηκε σε:
| Συγγραφή απο Οργανισμό/Αρχή: | |
|---|---|
| Άλλοι συγγραφείς: | , , |
| Μορφή: | Πρακτικό Συνεδρίου Βιβλίο |
| Γλώσσα: | English |
| Δημοσίευση: |
London :
Chapman & Hall,
1997.
|
| Έκδοση: | 1st ed. |
| Θέματα: | |
| Ετικέτες: |
Προσθήκη ετικέτας
Δεν υπάρχουν, Καταχωρήστε ετικέτα πρώτοι!
|
MARC
| LEADER | 00000cam a2200000 i 4500 | ||
|---|---|---|---|
| 001 | 1/63698 | ||
| 008 | 071120s1997 enk| ||| |||| ||eng|| | ||
| 020 | |a 0412823608 | ||
| 035 | |l 10092412 | ||
| 040 | |a GR-MyUa |b gre |e AACR2 | ||
| 041 | 0 | |a eng | |
| 082 | 7 | |a 658.4038011 |2 (22) | |
| 111 | 2 | |a IFIP TC8/WG 8.2 International Conference on Information Systems and Qualitative Research |d (1997 : |c Philadelphia, Pennsylvania) | |
| 245 | 1 | 0 | |a Information systems and qualitative research : |b proceedings of the IFIP TC8 WG 8.2 International Conference on Information Systems and Qualitative Research, 31st May-3rd June 1997, Philadelphia, Pennsylvania, USA / |c edited by Allen S. Lee, Jonathan Liebenau and Janice I. DeGross. |
| 250 | |a 1st ed. | ||
| 260 | |a London : |b Chapman & Hall, |c 1997. | ||
| 300 | |a x, 571 σ. : |b εικ. ; |c 24 εκ. | ||
| 504 | |a Περιέχει βιβλιογραφικές παραπομπές. | ||
| 650 | 0 | |a Information storage and retrieval systems |x Research |x Congresses. | |
| 650 | 0 | |a Information technology |x Research |x Congresses. | |
| 700 | 1 | |a Lee, Allen S. |e edt | |
| 700 | 1 | |a Liebenau, Jonathan, |e edt | |
| 700 | 1 | |a DeGross, Janice I. |e edt | |
| 852 | |a INST |b SAMOS |e 20071120 |h 658.4038011 IFI |p 005300027778 |q 005300027778 |t BK |y 0 | ||
| 901 | |a BIBL3-2007-3 | ||
| 922 | |a 3ΕΛΗ |b 200710 |c ΕΠΕΑΕΚ2/ΤΜΠΕΣ |d ΠΑΠΑΣΩΤΗΡΙΟΥ | ||
| 970 | |a ΡΟΥΣΣΟΥ |b ΚΩΝΣΤΑΝΤΙΝΑ |z 2007/11/20 | ||